Vice Presidents of the Philippines - Statistics

General Stats
  • This quiz has been taken 179 times
  • The average score is 8 of 14
Answer Stats
Took Office Left Office Name % Correct
June 30, 2016 Incumbent Maria Leonor Robredo
89%
June 30, 2004 June 30, 2010 Manuel de Castro
79%
June 30, 1998 January 20, 2001 Gloria Arroyo
78%
June 30, 2010 June 30, 2016 Jejomar Binay
76%
June 30, 1992 June 30, 1998 Joseph Estrada
62%
December 30, 1957 December 30, 1961 Diosdado Macapagal
60%
May 28, 1946 April 17, 1948 Elpidio Quirino
52%
December 30, 1953 March 18, 1957 Carlos Garcia
51%
November 15, 1935 August 1, 1944 Sergio Osmena Jr.
51%
February 25, 1986 June 30, 1992 Salvador Laurel
48%
December 30, 1949 December 30, 1953 Fernando Lopez
31%
December 30, 1965 September 23, 1972 Fernando Lopez
31%
February 7, 2001 June 30, 2004 Teofisto Guingona Jr.
31%
December 30, 1961 December 30, 1965 Emmanuel Pelaez
23%
No matching quizzes found
Score Distribution
Percent of People with Each Score
Percentile by Number Answered
Your Score History
You have not taken this quiz